LIBRARY & INFORMATION CENTRE, KCAET, TAVANUR

ONLINE PUBLIC ACCESS CATALOGUE (OPAC)

Rain water harvesting / (Record no. 13802)

MARC details
000 -LEADER
fixed length control field 00369nam a22001577a 4500
003 - CONTROL NUMBER IDENTIFIER
control field OSt
008 - FIXED-LENGTH DATA ELEMENTS--GENERAL INFORMATION
fixed length control field 240215b |||||||| |||| 00| 0 eng d
020 ## - INTERNATIONAL STANDARD BOOK NUMBER
ISBN 9789350300848
041 ## - LANGUAGE CODE
Language code of text/sound track or separate title eng
082 ## - DEWEY DECIMAL CLASSIFICATION NUMBER
Classification number 631.5875
Item number SIN/RA
100 ## - MAIN ENTRY--AUTHOR NAME
Personal name Singh, D.K
245 ## - TITLE STATEMENT
Title Rain water harvesting /
260 ## - PUBLICATION, DISTRIBUTION, ETC. (IMPRINT)
Place of publication Jaipur
Name of publisher Oxford Book company
Year of publication 2012
300 ## - PHYSICAL DESCRIPTION
Number of Pages 264p
942 ## - ADDED ENTRY ELEMENTS (KOHA)
Koha item type Books
Holdings
Withdrawn status Lost status Damaged status Collection code Home library Current library Shelving location Date acquired Source of acquisition Cost, normal purchase price Full call number Accession Number Koha item type
      Non-fiction KAUAET KAUAET General Stacks 31/03/2012 Southern Book star, Tvm 2000.00 631.5875 SIN/RA 23395 Books
        KAUAET KAUAET General Stacks 23/02/2013     631.5875 SIN/RA 23569 Books
        KAUAET KAUAET General Stacks 07/07/2016 Arunima Book Distributor,TVPM 2000.00 631.5875 SIN/RA 24835 Books
free website counter